| 000 | 00000nam 2200000zi 4500 |
| 001 | 9.943217 |
| 003 | CaOODSP |
| 005 | 20241128113310 |
| 006 | m o d f |
| 007 | cr ||||||||||| |
| 008 | 240913e20240917oncb ob f000 0 fre d |
| 020 | |a9780660736327 |
| 040 | |aCaOODSP|bfre|erda|cCaOODSP |
| 043 | |an-cn-on |
| 086 | 1 |aEn106-273/2024F-PDF |
| 245 | 00|aRapport d'analyse quant à la désignation du Projet d'exploration avancée Great Bear en Ontario conformément à la Loi sur l'évaluation d'impact. |
| 264 | 1|a[Ottawa] : |bAgence d'évaluation d'impact du Canada = Impact Assessment Agency of Canada, |cle 17 septembre 2024. |
| 264 | 4|c©2024 |
| 300 | |a1 ressource en ligne (ii, 16 pages) : |bcarte |
| 336 | |atexte|btxt|2rdacontent/fre |
| 337 | |ainformatique|bc|2rdamedia/fre |
| 338 | |aressource en ligne|bcr|2rdacarrier/fre |
| 500 | |aPublié aussi en anglais sous le titre : Analysis report whether to designate the Great Bear Advanced Exploration Project in Ontario pursuant to the Impact Assessment Act. |
| 500 | |a« Non classifié - Unclassified. » |
| 504 | |aComprend des références bibliographiques. |
| 650 | 6|aOr|xMines et extraction|xAspect de l'environnement|zOntario. |
| 650 | 6|aEnvironnement|xÉtudes d'impact|zOntario. |
| 710 | 1 |aCanada. |bAgence d'évaluation d'impact du Canada, |eorganisme de publication. |
| 775 | 08|tAnalysis report whether to designate the Great Bear Advanced Exploration Project in Ontario pursuant to the Impact Assessment Act.|w(CaOODSP)9.943216 |
| 856 | 40|qPDF|s1.54 Mo|uhttps://publications.gc.ca/collections/collection_2024/aeic-iaac/En106-273-2024-fra.pdf |